Aries Rising / (Record no. 3320)

MARC details
000 -LEADER
fixed length control field 01383nam a22002297a 4500
001 - CONTROL NUMBER
control field 3320
003 - CONTROL NUMBER IDENTIFIER
control field FISKH
005 - DATE AND TIME OF LATEST TRANSACTION
control field 20240227124228.0
008 - FIXED-LENGTH DATA ELEMENTS--GENERAL INFORMATION
fixed length control field 240227b cb ||||| |||| 00| 0 eng d
040 ## - CATALOGING SOURCE
Original cataloging agency FISK
Language of cataloging eng
Transcribing agency FISK
Modifying agency FISK
050 ## - LIBRARY OF CONGRESS CALL NUMBER
Classification number PS3608.E426
082 ## - DEWEY DECIMAL CLASSIFICATION NUMBER
Classification number 813.6
100 ## - MAIN ENTRY--PERSONAL NAME
Personal name Hill Hearn Bonnie :
Dates associated with a name 1945
245 ## - TITLE STATEMENT
Title Aries Rising /
Statement of responsibility, etc. Bonnie Hearn Hill
260 ## - PUBLICATION, DISTRIBUTION, ETC.
Place of publication, distribution, etc. New York :
Name of publisher, distributor, etc. Bonnie Hearn Hill
Date of publication, distribution, etc. 2010
300 ## - PHYSICAL DESCRIPTION
Extent 278 pages :
Other physical details 19 cm :
501 ## - WITH NOTE
With note K
520 ## - SUMMARY, ETC.
Summary, etc. Aquarius Logan McRae is a high school sophomore in Terra Bella Beach, CA and has been working all semester to impress her teachers in order to get into the summer writing camp she desperately wants to attend. But when this ordinary girl finds an extraordinary book,Fearless Astrology, her life is changed forever. Applying what she's learned about the zodiac, she lands her own column in the school paper and a date with the hottest guy in school! But when Logan threatens to catch the members of a secret society called The Gears, who have been vandalizing school property by reading the stars, she quickly learns that she is in over her head. Will Logan be able to catch The Gears, save her love life, keep her newspaper column, and get into the writing camp of her dreams all through the use of astrology?
521 8# - TARGET AUDIENCE NOTE
Target audience note 610
Source K
700 ## - ADDED ENTRY--PERSONAL NAME
Personal name Bonnie Hearn Hill
942 ## - ADDED ENTRY ELEMENTS (KOHA)
Source of classification or shelving scheme Dewey Decimal Classification
Koha item type Books
Suppress in OPAC No
Holdings
Withdrawn status Lost status Source of classification or shelving scheme Damaged status Not for loan Collection Home library Current library Shelving location Date acquired Total Checkouts Full call number Barcode Date last seen Copy number Price effective from Koha item type
    Dewey Decimal Classification     Fiction Footprints International School Library Network Toul Kork Campus Footprints International School Library Network Toul Kork Campus   02/27/2024   HEA PS3608.E426 813.6 2024-0124 02/27/2024 1 02/27/2024 Books